000 00378 a2200157 4500
001 60325
020 _a8571640831
040 _cAnchieta - Pituba
100 _aVeyne, Paul
240 1 0 _aHistória da vida privada, v. 1
_lpor
245 1 0 _aHistória da vida privada, v. 1
300 _a635
362 0 _a1990
650 4 _aHistória do mundo antigo até 499 AC.
942 _cBK
999 _c60325
_d60325